000 01049nam a2200313 a 4500
001 22979
003 SK-KTurca
005 20260513094340.0
008 160324s2000 m yxo ap r y 0 slo
015 _aSNBA2001/05-01522
020 _a8088775604
035 _aSNK000363279
040 _aSNK
_bslo
_cSNK
_eAACR2
041 0 _aslo
044 _axo
_cSK
080 _a641.562:613.2(083.12)
_21. stred. slo
080 _a613.2(083.12)
_21. stred. slo
100 1 _aOstertágová, Daša
_d1939-
_4zos
245 1 _aReceptár zdravej výživy pre dojčatá a deti
_cDaša Ostertágová
250 _a2. vyd.
260 _aBratislava
_bMotýľ
_c2000
300 _a194 s.
_bfotogr., tab.
_c21 cm
650 0 7 _avýživa racionálna
_xdojčatá
_xdeti
_xjedlá
_xpríprava
_xp redpisy kuchárske
_2SNK
650 0 7 _aracionálna výživa dojčiat
_xkuchárske predpisy
_2SNK
650 0 7 _adeti
_xvýživa racionálna
_xpredpisy kuchárske
_2SNK
655 7 _apríručky
_2SNK
942 _2ddc
_cOLDO
_n0
999 _c22979
_d22979